[Event "41. Open Ciutat de Badalona 2015"]
[Site "Badalona ESP"]
[Date "2015.08.08"]
[Round "7.1"]
[White "Harutyunian, Tigran K."]
[Black "Cori, Jorge"]
[Result "1-0"]
[WhiteElo "2472"]
[BlackElo "2635"]
[PlyCount "58"]
[EventDate "2015.08.02"]
[EventType "swiss"]
[EventRounds "9"]
[EventCountry "ESP"]
[SourceTitle "Ajedrez en Madrid"]
[Source "lmi"]
[SourceDate "2015.08.02"]
[SourceVersion "1"]
[SourceVersionDate "2018.07.18"]
[SourceQuality "1"]

1. d4 Nf6 2. Nf3 g6 3. c4 Bg7 4. g3 O-O 5. Bg2 d6 6. O-O c6 7. Nc3 Qa5 8. h3 e5
9. e4 exd4 10. Nxd4 Nbd7 11. Re1 Re8 12. Be3 a6 13. Qc2 Ne5 14. b3 c5 15. Nde2
Be6 16. Rad1 Rad8 17. Bd2 Qc7 18. f4 Nc6 19. f5 Bc8 20. Bg5 Qa5 21. Rf1 Rf8 22.
Qc1 Rd7 23. g4 b5 24. Bh6 Ne5 25. Qf4 Rdd8 26. Bxg7 Kxg7 27. Rxd6 Rxd6 28. Qxe5
Qd8 29. g5 gxf5 1-0

[Event "41. Open Ciutat de Badalona 2015"]
[Site "Badalona ESP"]
[Date "2015.08.08"]
[Round "7.2"]
[White "Alsina Leal, Daniel"]
[Black "Narciso Dublan, Marc"]
[Result "1/2-1/2"]
[WhiteElo "2531"]
[BlackElo "2532"]
[PlyCount "101"]
[EventDate "2015.08.02"]
[EventType "swiss"]
[EventRounds "9"]
[EventCountry "ESP"]
[SourceTitle "Ajedrez en Madrid"]
[Source "lmi"]
[SourceDate "2015.08.02"]
[SourceVersion "1"]
[SourceVersionDate "2018.07.18"]
[SourceQuality "1"]

1. e4 d6 2. d4 Nf6 3. Nc3 g6 4. Nf3 Bg7 5. h3 O-O 6. Be3 a6 7. a4 Nc6 8. Bc4 e6
9. O-O b6 10. Re1 Bb7 11. Bf1 Ne7 12. Bf4 h6 13. h4 Qd7 14. Qd2 Kh7 15. e5 Nh5
16. Ne4 f5 17. exf6 Nxf6 18. Nxf6+ Rxf6 19. Nh2 Raf8 20. Bg3 Nf5 21. c3 Nxg3
22. fxg3 Rf2 23. Re2 R2f7 24. Ree1 Rf2 25. Re2 R2f5 26. Ree1 e5 27. d5 e4 28.
Rxe4 Rxd5 29. Qe3 Qf5 30. Re1 Re5 31. Rxe5 dxe5 32. Bd3 e4 33. Bxe4 Bxe4 34.
Qxe4 Qf2+ 35. Kh1 Qxg3 36. Nf3 Rf4 37. Qe7 Rxa4 38. Kg1 Rf4 39. Re3 Qg4 40.
Qxc7 Re4 41. Rxe4 Qxe4 42. Qxb6 Qb1+ 43. Kh2 Bxc3 44. Qxa6 Qxb2 45. Qa7+ Bg7
46. Qf7 Qb8+ 47. Kh3 Qc8+ 48. Kg3 Qb8+ 49. Kh3 Qc8+ 50. Kg3 Qb8+ 51. Kh3
1/2-1/2

[Event "41. Open Ciutat de Badalona 2015"]
[Site "Badalona ESP"]
[Date "2015.08.08"]
[Round "7.3"]
[White "Cruz, Jonathan"]
[Black "Arenas, David"]
[Result "1-0"]
[WhiteElo "2450"]
[BlackElo "2439"]
[PlyCount "90"]
[EventDate "2015.08.02"]
[EventType "swiss"]
[EventRounds "9"]
[EventCountry "ESP"]
[SourceTitle "Ajedrez en Madrid"]
[Source "lmi"]
[SourceDate "2015.08.02"]
[SourceVersion "1"]
[SourceVersionDate "2018.07.18"]
[SourceQuality "1"]

1. Nf3 Nf6 2. c4 g6 3. Nc3 Bg7 4. g3 O-O 5. Bg2 d6 6. O-O c6 7. d3 e5 8. Rb1 a5
9. b3 Re8 10. Ba3 Na6 11. Qd2 Nc5 12. Ng5 Qe7 13. Nge4 Nfd7 14. e3 f5 15. Nxc5
dxc5 16. Na4 Qd6 17. Rbd1 b6 18. d4 e4 19. dxc5 Qxd2 20. Rxd2 b5 21. cxb5 cxb5
22. c6 Ne5 23. Nb6 Rb8 24. Nd7 Bxd7 25. cxd7 Red8 26. Bd6 Rb7 27. Bxe5 Bxe5 28.
Rd5 Bc3 29. Rfd1 a4 30. g4 axb3 31. axb3 fxg4 32. Bxe4 b4 33. Rd6 Ra7 34. Kg2
Kf8 35. Bc6 Ke7 36. Ba4 Ra5 37. R6d3 Rh5 38. Kg3 Rg5 39. h3 h5 40. hxg4 Rxg4+
41. Kh3 Be5 42. f4 Bf6 43. Rd5 Ke6 44. Bb5 g5 45. Bc4 Rh4+ 1-0

[Event "41. Open Ciutat de Badalona 2015"]
[Site "Badalona ESP"]
[Date "2015.08.08"]
[Round "7.4"]
[White "Grigoryan, Karen H."]
[Black "Valdes Romero, Leonardo"]
[Result "1-0"]
[WhiteElo "2582"]
[BlackElo "2396"]
[PlyCount "143"]
[EventDate "2015.08.02"]
[EventType "swiss"]
[EventRounds "9"]
[EventCountry "ESP"]
[SourceTitle "Ajedrez en Madrid"]
[Source "lmi"]
[SourceDate "2015.08.02"]
[SourceVersion "1"]
[SourceVersionDate "2018.07.18"]
[SourceQuality "1"]

1. e4 d6 2. Nc3 Nf6 3. g3 g6 4. Bg2 Bg7 5. f4 O-O 6. Nf3 c5 7. d3 Nc6 8. O-O
Rb8 9. h3 b5 10. g4 b4 11. Ne2 Qb6 12. Be3 Ne8 13. Qc1 Nc7 14. f5 Nb5 15. Ng3
Ne5 16. g5 Nxf3+ 17. Rxf3 Nd4 18. Rf2 Be5 19. Bf4 Bd7 20. Bxe5 dxe5 21. c3 Nb5
22. Nf1 bxc3 23. bxc3 c4 24. dxc4 Nd6 25. Ne3 Bc6 26. f6 Rb7 27. Ng4 Qc5 28.
Qe1 h5 29. gxh6 exf6 30. Nxf6+ Kh8 31. Kh1 Nxc4 32. Re2 Rfb8 33. Qf2 Qe7 34.
Rf1 Nd6 35. Rd1 Ne8 36. Ng4 Bd7 37. Ne3 Be6 38. Qg3 Kh7 39. h4 Kxh6 40. Qxe5
Qxh4+ 41. Kg1 Qf6 42. Qh2+ Kg7 43. Qg3 Rb5 44. c4 Qe5 45. Qxe5+ Rxe5 46. Bf3
Rc8 47. Rd4 Rec5 48. Rc2 Nf6 49. Kf2 Nd7 50. Bg4 Bxg4 51. Nxg4 Nb6 52. Ne3 Rh8
53. Ke2 Rh2+ 54. Kd3 Rh3 55. Re2 Ra5 56. Rd5 Nxd5 57. exd5 Ra3+ 58. Kd4 Rh4+
59. Ke5 f6+ 60. Kd6 Re4 61. c5 Rexe3 62. Rb2 Re5 63. c6 Rc3 64. Rb7+ Kh6 65.
Rb5 g5 66. c7 g4 67. Rc5 Rxc5 68. Kxc5 Re1 69. Kb4 Rc1 70. d6 g3 71. d7 g2 72.
c8=Q 1-0

[Event "41. Open Ciutat de Badalona 2015"]
[Site "Badalona ESP"]
[Date "2015.08.08"]
[Round "7.5"]
[White "Peralta, Fernando"]
[Black "Perez Mitjans, Orelvis"]
[Result "1-0"]
[WhiteElo "2564"]
[BlackElo "2434"]
[PlyCount "95"]
[EventDate "2015.08.02"]
[EventType "swiss"]
[EventRounds "9"]
[EventCountry "ESP"]
[SourceTitle "Ajedrez en Madrid"]
[Source "lmi"]
[SourceDate "2015.08.02"]
[SourceVersion "1"]
[SourceVersionDate "2018.07.18"]
[SourceQuality "1"]

1. d4 Nf6 2. c4 c5 3. d5 b5 4. cxb5 a6 5. bxa6 g6 6. Nc3 Bxa6 7. Nf3 d6 8. g3
Bg7 9. Bg2 O-O 10. O-O Nbd7 11. Rb1 Qa5 12. Bd2 Rfb8 13. Qc2 Nb6 14. b3 Qa3 15.
Bc1 Qb4 16. a3 Qg4 17. Rd1 Qc8 18. h3 Ra7 19. e4 Nfd7 20. Bf4 Rab7 21. Re1 Qc7
22. a4 Nc8 23. Na2 Ra8 24. Rec1 Qb8 25. Bd2 Ncb6 26. a5 Nc8 27. b4 Na7 28. bxc5
Nxc5 29. Nb4 Be2 30. Be1 Bxf3 31. Bxf3 Qe8 32. Be2 Rab8 33. Na6 Rb2 34. Rxb2
Rxb2 35. Qc4 Nb3 36. Rd1 Nd4 37. Rxd4 Bxd4 38. Qxd4 Rxe2 39. Bc3 f6 40. Qxa7
Rc2 41. Bd4 Qa4 42. Nc7 Kf7 43. Qb8 Rxc7 44. Qxc7 Qxd4 45. Qb6 Qxe4 46. a6 Qxd5
47. Qb7 Qd1+ 48. Kg2 1-0

[Event "41. Open Ciutat de Badalona 2015"]
[Site "Badalona ESP"]
[Date "2015.08.08"]
[Round "7.6"]
[White "Pardo Simon, David"]
[Black "Cruz, Filemon"]
[Result "1/2-1/2"]
[WhiteElo "2468"]
[BlackElo "2395"]
[PlyCount "110"]
[EventDate "2015.08.02"]
[EventType "swiss"]
[EventRounds "9"]
[EventCountry "ESP"]
[SourceTitle "Ajedrez en Madrid"]
[Source "lmi"]
[SourceDate "2015.08.02"]
[SourceVersion "1"]
[SourceVersionDate "2018.07.18"]
[SourceQuality "1"]

1. d4 Nf6 2. Nf3 d5 3. c4 c6 4. Nc3 e6 5. Bg5 Nbd7 6. e3 Be7 7. Bd3 O-O 8. O-O
dxc4 9. Bxc4 Nd5 10. Bxe7 Qxe7 11. e4 Nxc3 12. bxc3 e5 13. Re1 exd4 14. cxd4
Nb6 15. Bb3 Bg4 16. h3 Bxf3 17. Qxf3 Rad8 18. Qc3 Rd7 19. a4 Rfd8 20. Rad1 Na8
21. Rd3 Nc7 22. Rf3 Qe8 23. Qb4 Ne6 24. d5 c5 25. Qc3 Nd4 26. Rd3 Nxb3 27. Qxb3
Qe5 28. g3 g5 29. Rf3 h6 30. Qe3 b6 31. Rf5 Qg7 32. Kh2 Rd6 33. Qf3 R8d7 34.
Rd1 Re7 35. Qe3 Qg6 36. Qf3 Qg7 37. h4 Re5 38. hxg5 hxg5 39. Kg2 Kf8 40. a5 b5
41. Qe3 Rxf5 42. exf5 c4 43. Qxa7 Qe5 44. Qb8+ Kg7 45. f6+ Qxf6 46. Rh1 Rd8 47.
Qxb5 g4 48. Rh4 Qf3+ 49. Kg1 Rxd5 50. Rxg4+ Kh6 51. Qb6+ f6 52. Qe3+ Qxe3 53.
fxe3 Rc5 54. Kf2 c3 55. Rh4+ Kg5 1/2-1/2

[Event "41. Open Ciutat de Badalona 2015"]
[Site "Badalona ESP"]
[Date "2015.08.08"]
[Round "7.7"]
[White "Petrosyan, Tigran S."]
[Black "Diaz Camallonga, Carles"]
[Result "1-0"]
[WhiteElo "2441"]
[BlackElo "2358"]
[PlyCount "97"]
[EventDate "2015.08.02"]
[EventType "swiss"]
[EventRounds "9"]
[EventCountry "ESP"]
[SourceTitle "Ajedrez en Madrid"]
[Source "lmi"]
[SourceDate "2015.08.02"]
[SourceVersion "1"]
[SourceVersionDate "2018.07.18"]
[SourceQuality "1"]

1. Nf3 Nf6 2. c4 e6 3. g3 b6 4. Bg2 Bb7 5. O-O c5 6. Nc3 d6 7. d4 cxd4 8. Qxd4
a6 9. Rd1 Qc7 10. b3 Nbd7 11. e4 Be7 12. Ba3 Nc5 13. e5 dxe5 14. Qxe5 Qxe5 15.
Nxe5 Bxg2 16. Kxg2 Rc8 17. f4 Ncd7 18. Bb2 Rc7 19. Rd2 O-O 20. Rad1 Nc5 21. Kf3
Rfc8 22. b4 Nb7 23. a3 Rd8 24. Rxd8+ Bxd8 25. Na4 Rc8 26. g4 Bc7 27. g5 Ne8 28.
Rd7 b5 29. Nc6 Kf8 30. cxb5 axb5 31. Na7 Rd8 32. Rxd8 Bxd8 33. Nxb5 Ned6 34.
Nxd6 Nxd6 35. Nc5 Nc4 36. Bc1 Ke7 37. Ke4 Bb6 38. Kd4 Nd6 39. a4 f6 40. Kd3 Nc8
41. Be3 e5 42. fxe5 fxe5 43. Ke4 Kd6 44. Bf2 g6 45. a5 Ba7 46. h4 Kc6 47. Kxe5
Kb5 48. Ke6 Kxb4 49. Kd7 1-0

[Event "41. Open Ciutat de Badalona 2015"]
[Site "Badalona ESP"]
[Date "2015.08.08"]
[Round "7.8"]
[White "Gurevich, Daniel"]
[Black "Rios, Cristhian Camilo"]
[Result "1/2-1/2"]
[WhiteElo "2392"]
[BlackElo "2435"]
[PlyCount "103"]
[EventDate "2015.08.02"]
[EventType "swiss"]
[EventRounds "9"]
[EventCountry "ESP"]
[SourceTitle "Ajedrez en Madrid"]
[Source "lmi"]
[SourceDate "2015.08.02"]
[SourceVersion "1"]
[SourceVersionDate "2018.07.18"]
[SourceQuality "1"]

1. d4 Nf6 2. Nf3 e6 3. g3 b5 4. Bg2 Bb7 5. O-O c5 6. Na3 Qb6 7. c4 b4 8. Nc2
Na6 9. d5 exd5 10. cxd5 Bxd5 11. Bg5 Be4 12. Bh3 Rd8 13. Nd2 Bxc2 14. Qxc2 Be7
15. e4 O-O 16. Nc4 Qb7 17. e5 Nd5 18. Bxe7 Nxe7 19. Bg2 Qb5 20. Nd6 Qb6 21. Qc4
Nc6 22. Bxc6 dxc6 23. Rad1 Nc7 24. Nxf7 Rd5 25. Nd6 Qa6 26. Qxa6 Nxa6 27. f4
Nc7 28. Nc4 Ne6 29. Rc1 a5 30. Kg2 a4 31. Rfd1 Rfd8 32. Nd6 g6 33. Kf3 Rd7 34.
Ke4 Nc7 35. g4 Rxd1 36. Rxd1 Nb5 37. Rd3 Nxd6+ 38. exd6 Kf7 39. Ke5 Rd8 40. f5
gxf5 41. gxf5 Re8+ 42. Kf4 Rd8 43. b3 a3 44. h4 h6 45. Rd1 Kf6 46. Rd2 Rd7 47.
Rd3 Rd8 48. Rd1 Rd7 49. Rd2 Rd8 50. Ke4 Rd7 51. Rd1 Rd8 52. Kf4 1/2-1/2

[Event "41. Open Ciutat de Badalona 2015"]
[Site "Badalona ESP"]
[Date "2015.08.08"]
[Round "7.9"]
[White "Alarcon Casellas, Rolando"]
[Black "Perpinya Rofes, Lluis Maria"]
[Result "1/2-1/2"]
[WhiteElo "2391"]
[BlackElo "2406"]
[PlyCount "51"]
[EventDate "2015.08.02"]
[EventType "swiss"]
[EventRounds "9"]
[EventCountry "ESP"]
[SourceTitle "Ajedrez en Madrid"]
[Source "lmi"]
[SourceDate "2015.08.02"]
[SourceVersion "1"]
[SourceVersionDate "2018.07.18"]
[SourceQuality "1"]

1. d4 d6 2. e4 g6 3. Nc3 Bg7 4. h3 a5 5. a4 Nf6 6. Nf3 O-O 7. Be3 Nc6 8. Bc4
Nxe4 9. Nxe4 d5 10. Bd3 dxe4 11. Bxe4 f5 12. Bxc6 bxc6 13. O-O c5 14. dxc5 Rb8
15. b3 Bb7 16. Qxd8 Rbxd8 17. Rae1 e5 18. Bg5 Rde8 19. Bd2 e4 20. Nh2 f4 21.
Bxa5 Bd4 22. Bb4 Bc6 23. Rd1 Rd8 24. Rfe1 Rfe8 25. Ng4 Bg7 26. Ba5 1/2-1/2

[Event "41. Open Ciutat de Badalona 2015"]
[Site "Badalona ESP"]
[Date "2015.08.08"]
[Round "7.10"]
[White "Lopez Martinez, Josep Manuel"]
[Black "Pogorelov, Ruslan"]
[Result "1-0"]
[WhiteElo "2540"]
[BlackElo "2302"]
[PlyCount "47"]
[EventDate "2015.08.02"]
[EventType "swiss"]
[EventRounds "9"]
[EventCountry "ESP"]
[SourceTitle "Ajedrez en Madrid"]
[Source "lmi"]
[SourceDate "2015.08.02"]
[SourceVersion "1"]
[SourceVersionDate "2018.07.18"]
[SourceQuality "1"]

1. d4 Nf6 2. c4 e6 3. Nf3 Bb4+ 4. Bd2 a5 5. Qc2 O-O 6. a3 Bxd2+ 7. Nbxd2 d6 8.
e3 Nbd7 9. Bd3 Re8 10. g4 h6 11. g5 hxg5 12. Nxg5 Nf8 13. Rg1 e5 14. O-O-O exd4
15. exd4 Ne6 16. Ndf3 Nxg5 17. Rxg5 Bg4 18. Rg1 Bxf3 19. Rxg7+ Kf8 20. Qd2 Be4
21. Qh6 Bxd3 22. d5 Nh5 23. Rh7+ Ke7 24. Qe6+ 1-0

[Event "41. Open Ciutat de Badalona 2015"]
[Site "Badalona ESP"]
[Date "2015.08.09"]
[Round "8.1"]
[White "Cruz, Jonathan"]
[Black "Harutyunian, Tigran K."]
[Result "1/2-1/2"]
[WhiteElo "2450"]
[BlackElo "2472"]
[PlyCount "56"]
[EventDate "2015.08.02"]
[EventType "swiss"]
[EventRounds "9"]
[EventCountry "ESP"]
[SourceTitle "Ajedrez en Madrid"]
[Source "lmi"]
[SourceDate "2015.08.02"]
[SourceVersion "1"]
[SourceVersionDate "2018.07.18"]
[SourceQuality "1"]

1. Nf3 d5 2. d4 Nf6 3. c4 e6 4. Nc3 Be7 5. e3 O-O 6. Qc2 b6 7. Be2 c5 8. O-O
Bb7 9. Rd1 cxd4 10. Nxd4 Qc8 11. Bf3 dxc4 12. Qe2 Bxf3 13. Qxf3 Na6 14. Nc6 Qb7
15. Rd4 Rac8 16. Rxc4 Bc5 17. Nd4 Qxf3 18. Nxf3 Nb4 19. Ne1 Rfd8 20. Kf1 Nc6
21. Ke2 Ne5 22. Ra4 a5 23. a3 Be7 24. Rd4 Rxd4 25. exd4 Nc4 26. Nc2 b5 27. Nxb5
Nxb2 28. Ne3 Nc4 1/2-1/2

[Event "41. Open Ciutat de Badalona 2015"]
[Site "Badalona ESP"]
[Date "2015.08.09"]
[Round "8.2"]
[White "Narciso Dublan, Marc"]
[Black "Grigoryan, Karen H."]
[Result "1-0"]
[WhiteElo "2532"]
[BlackElo "2582"]
[PlyCount "113"]
[EventDate "2015.08.02"]
[EventType "swiss"]
[EventRounds "9"]
[EventCountry "ESP"]
[SourceTitle "Ajedrez en Madrid"]
[Source "lmi"]
[SourceDate "2015.08.02"]
[SourceVersion "1"]
[SourceVersionDate "2018.07.18"]
[SourceQuality "1"]

1. d4 Nf6 2. c4 c5 3. d5 e6 4. Nc3 exd5 5. cxd5 d6 6. e4 g6 7. Nge2 Bg7 8. Ng3
h5 9. Be2 h4 10. Nf1 O-O 11. Bg5 Qa5 12. Nd2 h3 13. g3 Re8 14. Nc4 Qd8 15. f3
b6 16. Nb5 Bf8 17. Bxf6 Qxf6 18. Nc7 Bd7 19. Nxa8 b5 20. Nc7 Rc8 21. Nxb5 Bxb5
22. Rb1 Bxc4 23. Bxc4 Nd7 24. O-O Bg7 25. b3 Qc3 26. Qe1 Qb4 27. Qxb4 Bd4+ 28.
Kh1 cxb4 29. Rbc1 Be3 30. Rc2 Ne5 31. Re1 Bd4 32. Rec1 Nxf3 33. Be2 Rxc2 34.
Rxc2 Ne5 35. Bf1 Bc5 36. Bxh3 Nd3 37. Re2 Kg7 38. Bf1 Nf2+ 39. Kg2 Ng4 40. Re1
Kf6 41. Bd3 Ke5 42. h3 Nh6 43. Bb5 Bd4 44. Kf3 g5 45. Bd7 Kf6 46. Rc1 Bc3 47.
Ke3 Ke5 48. Kd3 Ng8 49. Rf1 Nh6 50. a4 Bd4 51. h4 gxh4 52. gxh4 Bc5 53. h5 Bb6
54. Be8 f5 55. exf5 Nxf5 56. Bd7 Ng3 57. Rf3 1-0

[Event "41. Open Ciutat de Badalona 2015"]
[Site "Badalona ESP"]
[Date "2015.08.09"]
[Round "8.3"]
[White "Alsina Leal, Daniel"]
[Black "Peralta, Fernando"]
[Result "0-1"]
[WhiteElo "2531"]
[BlackElo "2564"]
[PlyCount "136"]
[EventDate "2015.08.02"]
[EventType "swiss"]
[EventRounds "9"]
[EventCountry "ESP"]
[SourceTitle "Ajedrez en Madrid"]
[Source "lmi"]
[SourceDate "2015.08.02"]
[SourceVersion "1"]
[SourceVersionDate "2018.07.18"]
[SourceQuality "1"]

1. e4 e6 2. d4 d5 3. Nc3 Nf6 4. e5 Nfd7 5. f4 c5 6. Nf3 Nc6 7. Be3 Be7 8. Qd2
O-O 9. Be2 b6 10. O-O f5 11. exf6 Nxf6 12. Bb5 Bb7 13. Kh1 Qc7 14. Rae1 a6 15.
Bxc6 Qxc6 16. Ne5 Qc7 17. Qe2 Rae8 18. Qf3 Nd7 19. Qg4 Bd6 20. Ne2 Nf6 21. Qh3
Ne4 22. c3 a5 23. Ng3 Nxg3+ 24. Qxg3 Ba6 25. Rf3 Bxe5 26. fxe5 Rxf3 27. Qxf3
Rf8 28. Qd1 Qc6 29. h3 Bc4 30. a3 Rf5 31. Qd2 a4 32. Bg1 h6 33. Kh2 cxd4 34.
Bxd4 b5 35. Re3 Qe8 36. Qd1 Rf2 37. Rg3 Re2 38. Qc1 Kh8 39. Qf4 Re4 40. Qf2 Re2
41. Qf4 Re4 42. Qf2 Re2 43. Qf3 Re4 44. Bc5 Kg8 45. Qf6 Qf7 46. Qxh6 Be2 47.
Qg5 Bh5 48. Be7 Kh7 49. Bf8 Bg6 50. Rf3 Bf5 51. g4 Qxf8 52. gxf5 Rxe5 53. Qg6+
Kg8 54. f6 Qf7 55. Qg4 Re4 56. Qg3 Kh7 57. fxg7 Qxg7 58. Qf2 Qe5+ 59. Qg3 Re2+
60. Kg1 Qxg3+ 61. Rxg3 Rxb2 62. Re3 Kg7 63. Rxe6 d4 64. cxd4 b4 65. Re3 b3 66.
d5 Rc2 67. d6 b2 68. Re7+ Kf6 0-1

[Event "41. Open Ciutat de Badalona 2015"]
[Site "Badalona ESP"]
[Date "2015.08.09"]
[Round "8.4"]
[White "Cori, Jorge"]
[Black "Petrosyan, Tigran S."]
[Result "1/2-1/2"]
[WhiteElo "2635"]
[BlackElo "2441"]
[PlyCount "91"]
[EventDate "2015.08.02"]
[EventType "swiss"]
[EventRounds "9"]
[EventCountry "ESP"]
[SourceTitle "Ajedrez en Madrid"]
[Source "lmi"]
[SourceDate "2015.08.02"]
[SourceVersion "1"]
[SourceVersionDate "2018.07.18"]
[SourceQuality "1"]

1. d4 d5 2. c4 c6 3. Nc3 Nf6 4. Nf3 e6 5. Bg5 Nbd7 6. e3 Qa5 7. Bxf6 Nxf6 8.
Qc2 Be7 9. a3 Ne4 10. Bd3 Nxc3 11. bxc3 dxc4 12. Bxc4 O-O 13. O-O c5 14. a4 Qc7
15. Qb3 Rb8 16. e4 cxd4 17. cxd4 Bd7 18. Rac1 Qa5 19. Ne5 Qxa4 20. Qh3 Bc8 21.
Rc3 Bf6 22. Rg3 Bxe5 23. dxe5 Qa5 24. Qh5 g6 25. Kh1 Qc5 26. Bb3 Qb5 27. Rg1
Rd8 28. Qg5 Bd7 29. Rd1 Be8 30. Rb1 Rd3 31. h4 Rxg3 32. fxg3 Qd3 33. Rb2 Qxe4
34. Kh2 h6 35. Qe7 Qxe5 36. Rf2 Qd4 37. Rf6 Kg7 38. Rxe6 Qd8 39. Rxg6+ Kxg6 40.
Qf8 Qc7 41. h5+ Kf6 42. Qxh6+ Ke7 43. Qe3+ Kd6 44. Qd4+ Ke7 45. Qe3+ Kd6 46.
Qd4+ 1/2-1/2

[Event "41. Open Ciutat de Badalona 2015"]
[Site "Badalona ESP"]
[Date "2015.08.09"]
[Round "8.5"]
[White "Lopez Martinez, Josep Manuel"]
[Black "Alarcon Casellas, Rolando"]
[Result "1-0"]
[WhiteElo "2540"]
[BlackElo "2391"]
[PlyCount "133"]
[EventDate "2015.08.02"]
[EventType "swiss"]
[EventRounds "9"]
[EventCountry "ESP"]
[SourceTitle "Ajedrez en Madrid"]
[Source "lmi"]
[SourceDate "2015.08.02"]
[SourceVersion "1"]
[SourceVersionDate "2018.07.18"]
[SourceQuality "1"]

1. c4 c5 2. Nc3 g6 3. g3 Bg7 4. Bg2 Nc6 5. d3 d6 6. Bxc6+ bxc6 7. Qd2 h5 8. h4
Qa5 9. Nd1 Qa6 10. Qc2 Nh6 11. Bd2 Nf5 12. Bc3 e5 13. b3 Rb8 14. Qc1 Be6 15.
Nf3 Nd4 16. Ng5 Bh6 17. Kf1 Qc8 18. Bd2 Bxg5 19. Bxg5 Bh3+ 20. Ke1 Bg2 21. Rg1
Bf3 22. Nc3 Bxe2 23. Nxe2 Nf3+ 24. Kd1 Nxg1 25. Nxg1 Qf5 26. Ke2 f6 27. Be3 O-O
28. Qc2 g5 29. Qd1 gxh4 30. gxh4 Kh7 31. Kd2 Rg8 32. Qf3 Qxf3 33. Nxf3 Rg4 34.
Ke2 Kg6 35. Rh1 Kf5 36. Nd2 Ke6 37. Ne4 Rbg8 38. Ng3 Rh8 39. Kf3 Rh7 40. Rh3
Rg8 41. Rh2 Rg6 42. Kg2 Rg4 43. f3 Rg8 44. Kh3 a5 45. f4 f5 46. Rf2 Rhg7 47.
Rf3 exf4 48. Bxf4 Rg4 49. Bg5 R8xg5 50. hxg5 Rxg5 51. Kh4 Rg8 52. Re3+ Kd7 53.
Nxf5 Rg2 54. Re7+ Kd8 55. Ra7 Rxa2 56. Nxd6 Rh2+ 57. Kg5 h4 58. Rh7 h3 59. Nb7+
Kc8 60. Nxc5 Rg2+ 61. Kf4 h2 62. Kf3 Ra2 63. Kg3 h1=Q 64. Rxh1 Kc7 65. Rh7+ Kb6
66. d4 a4 67. Rb7+ 1-0

[Event "41. Open Ciutat de Badalona 2015"]
[Site "Badalona ESP"]
[Date "2015.08.09"]
[Round "8.6"]
[White "Hernando Rodrigo, Julio Antoni"]
[Black "Pardo Simon, David"]
[Result "0-1"]
[WhiteElo "2389"]
[BlackElo "2468"]
[PlyCount "78"]
[EventDate "2015.08.02"]
[EventType "swiss"]
[EventRounds "9"]
[EventCountry "ESP"]
[SourceTitle "Ajedrez en Madrid"]
[Source "lmi"]
[SourceDate "2015.08.02"]
[SourceVersion "1"]
[SourceVersionDate "2018.07.18"]
[SourceQuality "1"]

1. d4 f5 2. Nf3 Nf6 3. g3 g6 4. Bg2 Bg7 5. c4 O-O 6. O-O d6 7. Nc3 c6 8. b3 Na6
9. Bb2 Qc7 10. d5 e5 11. dxe6 Bxe6 12. Ng5 Bd7 13. Rc1 h6 14. Nf3 Kh7 15. Ba3
Nc5 16. Ne5 Be6 17. Nd3 Rad8 18. Nxc5 dxc5 19. Qc2 b6 20. Bb2 h5 21. Rcd1 h4
22. e4 hxg3 23. hxg3 Rxd1 24. Rxd1 Ng4 25. Ne2 Bxb2 26. Qxb2 fxe4 27. Nf4 Bf5
28. Re1 Re8 29. f3 Ne5 30. fxe4 Bg4 31. Rf1 Qd6 32. Rf2 Qd1+ 33. Kh2 Kg7 34.
Bh3 g5 35. Bxg4 Qxg4 36. Nd3 Qxe4 37. Re2 Rh8+ 38. Kg1 Rh1+ 39. Kf2 Qf3# 0-1

[Event "41. Open Ciutat de Badalona 2015"]
[Site "Badalona ESP"]
[Date "2015.08.09"]
[Round "8.7"]
[White "Rios, Cristhian Camilo"]
[Black "Vidarte Morales, Arturo"]
[Result "1-0"]
[WhiteElo "2435"]
[BlackElo "2304"]
[PlyCount "57"]
[EventDate "2015.08.02"]
[EventType "swiss"]
[EventRounds "9"]
[EventCountry "ESP"]
[SourceTitle "Ajedrez en Madrid"]
[Source "lmi"]
[SourceDate "2015.08.02"]
[SourceVersion "1"]
[SourceVersionDate "2018.07.18"]
[SourceQuality "1"]

1. d4 d5 2. c4 e6 3. Nc3 Be7 4. Nf3 Nf6 5. Bg5 O-O 6. Qc2 h6 7. Bh4 c5 8. cxd5
cxd4 9. Nxd4 exd5 10. e3 Nc6 11. Nxc6 bxc6 12. Be2 Be6 13. O-O Rc8 14. Rfd1 c5
15. Bc4 g5 16. Bg3 Bd6 17. e4 Bxg3 18. hxg3 dxc4 19. Rxd8 Rfxd8 20. e5 Ng4 21.
Re1 Rd3 22. Qc1 Rcd8 23. f3 R8d4 24. fxg4 Bxg4 25. Kh2 Kg7 26. Nb5 Rd5 27. Qxc4
h5 28. Nc7 R5d4 29. Qxc5 1-0

[Event "41. Open Ciutat de Badalona 2015"]
[Site "Badalona ESP"]
[Date "2015.08.09"]
[Round "8.8"]
[White "Cruz, Filemon"]
[Black "Hughes, John L"]
[Result "0-1"]
[WhiteElo "2395"]
[BlackElo "2184"]
[PlyCount "50"]
[EventDate "2015.08.02"]
[EventType "swiss"]
[EventRounds "9"]
[EventCountry "ESP"]
[SourceTitle "Ajedrez en Madrid"]
[Source "lmi"]
[SourceDate "2015.08.02"]
[SourceVersion "1"]
[SourceVersionDate "2018.07.18"]
[SourceQuality "1"]

1. Nf3 d5 2. g3 c5 3. c4 e6 4. Bg2 Nc6 5. cxd5 exd5 6. d4 Nf6 7. O-O Be7 8. Nc3
O-O 9. dxc5 Bxc5 10. Na4 Be7 11. Be3 Bg4 12. h3 Bh5 13. Nd4 Qd7 14. Nxc6 bxc6
15. Nc5 Bxc5 16. Bxc5 Rfe8 17. Re1 Ne4 18. Rc1 Re6 19. Qd3 Rae8 20. e3 Rf6 21.
Rf1 Ng5 22. h4 Nf3+ 23. Kh1 Bg6 24. Qa3 Be4 25. Qxa7 Qg4 0-1

[Event "41. Open Ciutat de Badalona 2015"]
[Site "Badalona ESP"]
[Date "2015.08.09"]
[Round "8.9"]
[White "Sturt, Raven M"]
[Black "Gurevich, Daniel"]
[Result "1/2-1/2"]
[WhiteElo "2282"]
[BlackElo "2392"]
[PlyCount "93"]
[EventDate "2015.08.02"]
[EventType "swiss"]
[EventRounds "9"]
[EventCountry "ESP"]
[SourceTitle "Ajedrez en Madrid"]
[Source "lmi"]
[SourceDate "2015.08.02"]
[SourceVersion "1"]
[SourceVersionDate "2018.07.18"]
[SourceQuality "1"]

1. d4 Nf6 2. c4 e6 3. g3 Bb4+ 4. Bd2 c5 5. Bxb4 cxb4 6. Bg2 O-O 7. Nf3 d6 8.
O-O a5 9. a3 Na6 10. axb4 Nxb4 11. Na3 Qe7 12. Ne1 e5 13. Nac2 Nxc2 14. Nxc2
Be6 15. Ne3 Qc7 16. Qd3 Rac8 17. b3 Rfd8 18. Qc3 b6 19. Rfd1 exd4 20. Qxd4 Qc5
21. h4 Kf8 22. Rd2 Qxd4 23. Rxd4 Rc5 24. Nd1 Ke7 25. Nc3 Bd7 26. Rad1 b5 27.
Nxb5 Bxb5 28. cxb5 Rxb5 29. Ra1 Rc8 30. Rda4 Rcc5 31. Bf1 Rxb3 32. Rxa5 Rxa5
33. Rxa5 Rb1 34. Ra4 h6 35. e3 Rb7 36. Kg2 h5 37. Be2 g6 38. Ra2 Rc7 39. Bf3
Nd7 40. Kf1 Ne5 41. Bd5 Ng4 42. Ke2 Nf6 43. Bg2 Ng4 44. Bf3 Ke6 45. Bg2 Kf6 46.
Bh3 Ne5 47. Bg2 1/2-1/2